000 01206nam a22003617a 4500
001 4518
003 FISKH
005 20240912160328.0
008 240912b cb ||||| |||| 00| 0 eng d
020 _a0140954090 (set)
020 _a0140544577 (pbk.)
020 _a9780590617307
040 _aJQA
_cJQA
_dDLC
_beng
050 _aPZ7.L8432
082 _a813.54
100 1 _aLondon, Jonathan,
_d1947-
245 1 0 _aFroggy gets dressed
_cby Jonathan London.
250 _aFirst Scholastic printing, 1995
260 _aNew York :
_bPuffin Books,
_c1992.
300 _a28 unnumbered pages :
_bcolor illustrations ;
_e21 x 25 cm
505 _aF
508 _aOriginal songs written by Sarah Weeks and Michael Abbott.
520 _aRambunctious Froggy hops out into the snow for a winter frolic but is called back by his mother to put on some necessary articles of clothing.
521 8 _a300
_bLexile
521 8 _aF
_bRaz-Plus
650 1 _aFrogs
_xFiction.
650 1 _aClothing and dress
_xFiction.
650 1 _aSnow
_xFiction.
700 1 _aRemkiewicz, Frank,
_eillustrator
906 _a0
_bcbc
_ccopycat
_d3
_encip
_f19
_gy-soundrec
942 _2ddc
_cBK
_n0
999 _c4518
_d4518